000 00382nam a2200157Ia 4500
008 210323s9999||||xx |||||||||||||| ||und||
040 _cSTCPL
041 _hENG
082 _a235.2
_bDOM-I
100 _aDoming
245 0 _aI have given nothing but love
260 _aBombay
_bSt. Paul Publications
_c1959
300 _a112
650 _aReligionനോവല്‍
942 _cBK
999 _c29887
_d29887